000 00289nam a2200109Ia 4500
008 180205s9999 xx 000 0 und d
020 _a9781138190368
100 _aMarsden, Paul
245 _aEntrepreneurial journalism /
260 _aNew york :
_bRoutledge
_c2017
300 _avi, 184 pages
999 _c354929
_d354929